000 00560cam a2200205 a 4500
020 _a0935312900 (acidfree paper) :
020 _a1558611134 (pbk. : alk. paper)
040 _cDLC
082 0 0 _a305 DOR 1989 A067 Or.
_aB
100 1 _aDaniels, Doris,
245 1 0 _aAlways a sister :
_bthe feminism of Lillian D. Wald /
300 _ax, 207 pages :
_billustrations ;
_c24 cm
500 _aIncludes indexes
650 0 _aFeminists
650 0 _aSocial reformers
650 1 2 _aNurses
650 1 2 _aPublic Health
650 2 2 _aWomen's Rights
942 _cEK
999 _c14302
_d14302